00637nam a2200241 a 4500001001300000003000900013005001700022008004100039020001000080082001800090100001400108245002900122260002200151300000800173500003500181505001900216650001800235700001400253902000800267942000700275952009800282999001500380nice12345678IN_TiNIC20260116011842.0050524s1928 egya grs 000 0 03g  ac10000a220.9505bGLO aGlover, R aTamthal-Ur-Ra`i-Us-Salih aEgyptbSpckc1928 a30p aincludes index and biblioraphy2 aReserve copies aBible Stories1 aGlover, R bSRS cPS 00104070aHMIbHMId2007-06-18g100.00l0o220.9505 GLOp5156r2007-06-18w2026-01-16yARB c4444d4444